Trees to paper / (Record no. 1833)

MARC details
000 -LEADER
fixed length control field 01093cam a22003374a 4500
001 - CONTROL NUMBER
control field 1833
003 - CONTROL NUMBER IDENTIFIER
control field FISKH
005 - DATE AND TIME OF LATEST TRANSACTION
control field 20240108091117.0
008 - FIXED-LENGTH DATA ELEMENTS--GENERAL INFORMATION
fixed length control field 020509s2003 nyua b b 001 0 eng
010 ## - LIBRARY OF CONGRESS CONTROL NUMBER
LC control number 2002007208
020 ## - INTERNATIONAL STANDARD BOOK NUMBER
International Standard Book Number 9780516244532
040 ## - CATALOGING SOURCE
Original cataloging agency DLC
Transcribing agency DLC
Modifying agency DLC
Language of cataloging eng
042 ## - AUTHENTICATION CODE
Authentication code pcc
-- lcac
050 00 - LIBRARY OF CONGRESS CALL NUMBER
Classification number TS1105.5
Item number .S68 2003
082 00 - DEWEY DECIMAL CLASSIFICATION NUMBER
Classification number 676
Edition number 21
100 1# - MAIN ENTRY--PERSONAL NAME
Personal name Snyder, Inez.
245 10 - TITLE STATEMENT
Title Trees to paper /
Statement of responsibility, etc. by Inez Snyder.
260 ## - PUBLICATION, DISTRIBUTION, ETC.
Place of publication, distribution, etc. New York :
Name of publisher, distributor, etc. Scholastic,
Date of publication, distribution, etc. 2003.
300 ## - PHYSICAL DESCRIPTION
Extent 24 pages :
Other physical details color illustrations ;
Dimensions 16 x 19 cm.
490 1# - SERIES STATEMENT
Series statement Welcome Books
505 ## - FORMATTED CONTENTS NOTE
Formatted contents note F<br/>
520 ## - SUMMARY, ETC.
Summary, etc. Simple words and photographs show the steps involved in making paper.
521 8# - TARGET AUDIENCE NOTE
Target audience note 340<br/>
Source Lexile<br/>
521 8# - TARGET AUDIENCE NOTE
Target audience note F<br/><br/>
Source Raz-Plus<br/>
650 #0 - SUBJECT ADDED ENTRY--TOPICAL TERM
Topical term or geographic name entry element Papermaking
Form subdivision Juvenile literature.
650 #1 - SUBJECT ADDED ENTRY--TOPICAL TERM
Topical term or geographic name entry element Papermaking.
800 1# - SERIES ADDED ENTRY--PERSONAL NAME
Personal name Snyder, Inez.
Title of a work How things are made.
906 ## - LOCAL DATA ELEMENT F, LDF (RLIN)
a 7
b cbc
c orignew
d 1
e ecip
f 20
g y-gencatlg
942 ## - ADDED ENTRY ELEMENTS (KOHA)
Source of classification or shelving scheme Dewey Decimal Classification
Koha item type Books
Suppress in OPAC No
Holdings
Withdrawn status Lost status Source of classification or shelving scheme Damaged status Not for loan Collection Home library Current library Shelving location Date acquired Total Checkouts Full call number Barcode Date last seen Date last checked out Copy number Price effective from Koha item type
    Dewey Decimal Classification     Non-Fiction Footprints International School Library Network Toul Kork Campus Footprints International School Library Network Toul Kork Campus TK Primary Library Room(4th Floor), Bookcase 7, Shelves 57-60, Dark Green Books 10/04/2023 2 SNY 676 TS1105.S68 FISBK02151 05/16/2024 01/02/2024 1 10/04/2023 Books
    Dewey Decimal Classification     Non-Fiction Footprints International School Library Network Toul Tom Poung Campus Footprints International School Library Network Toul Tom Poung Campus TTP Primary Green Bookshelves 10/04/2023 1 SNY 676 TS1105.S68 FISTK04016 01/29/2024 01/22/2024 2 10/04/2023 Books
    Dewey Decimal Classification     Non-Fiction Footprints International School Library Network Toul Tom Poung Campus Footprints International School Library Network Toul Tom Poung Campus TTP Primary Green Bookshelves 09/03/2025   SNY 676 TS1105.S68 FIS01601 09/03/2025   3 09/03/2025 Books
    Dewey Decimal Classification     Non-Fiction Footprints International School Library Network Toul Tom Poung Campus Footprints International School Library Network Toul Tom Poung Campus TTP Primary Green Bookshelves 09/09/2025   SNY 676 TS1105.S68 FISBK02152 09/09/2025   4 09/09/2025 Books